000 00475 a2200157 4500
005 20250628044504.0
020 _a978-0-07-313715-5
082 _a331.89 KAT
100 _a KATZ,Harry C
245 _aAn Introduction o Collective Bargaining and Industrial Relations
250 _a4th Ed.
260 _aBoston
_bMcGraw-Hill Irwin
_c2008
300 _axiii,514p.;ill,Figure
_bAppendix,Glossary,Index
_c24cm.
700 _aThomas A Kochan,AlexanderJ.S.Colvin
942 _2ddc
_cBKS
999 _c5785
_d5785